Pokémon commençant par la lettre H (français) - Statistiques

Statistiques générales
  • Ce quiz a été pris 509 fois
    270 depuis la dernière actualisation
  • Le résultat moyen est 17 sur 25
Statistiques - réponses
Numéro Pokémon % Correct
002 Herbizarre
91%
155 Héricendre
90%
163 Hoothoot
86%
250 Ho-Oh
84%
117 Hypocéan
79%
230 Hyporoi
79%
192 Héliatronc
78%
116 Hypotrempe
78%
297 Hariyama
77%
277 Hélédelle
73%
485 Heatran
72%
097 Hypnomade
69%
900 Hachécateur
65%
667 Hélionceau
63%
720 Hoopa
63%
847 Hastacuda
61%
450 Hippodocus
61%
449 Hippopotas
61%
586 Haydaim
55%
991 Hotte-de-Fer
55%
615 Hexagel
54%
883 Hydragla
54%
882 Hydragon
54%
870 Hexadron
49%
985 Hurle-Queue
43%
Aucun quiz correspondant
Distribution des résultats
% des personnes avec chaque résultat
Percentile par nombre de réponses
Votre historique - résultats
Vous n’avez pas pris ce quiz depuis la dernière actualisation